书目信息 |
| 书名: | A survey of modern algebra | |
| 作者: | Garrett Birkhoff, Saunders MacLane | |
| 分册号: | ||
| 分册名: | 出版地: | New York : |
|
| 出版社: | Macmillan | |
| 出版时间: | c1977. | |
| 页数: | xi, 500 p. ; | |
| 开本: | 24 cm. | |
| 丛书名: | ||
| 中图分类号: | ||
| 科图分类号: | ||
| 其他分类号: | A15:H31 | |
| 主题词: | ||
| 电子资源: | ||
| 000 | 00909nam 2200301 a 4500 | |
| 001 | E0733320895 | |
| 005 | 20070228091536.53 | |
| 008 | uu | |
| 008 | 00110 eng | |
| 010 | @a75042402 //r84 | |
| 020 | @a0023100702. | |
| 049 | @aN5LA | |
| 050 | 0 | @aQA162 @b.B57 1977 |
| 082 | @a512 | |
| 090 | @a2/O15/BGS/ 1977/////252821 | |
| 090 | @aA15:H31 | |
| 096 | @aO15 @v2 | |
| 099 | @dA15:H31@ex24 | |
| 100 | 10 | @aBirkhoff, Garrett, @d1911- |
| 245 | 12 | @aA survey of modern algebra / @cGarrett Birkhoff, Saunders MacLane |
| 250 | @a4th ed. | |
| 260 | 0 | @aNew York :@bMacmillan,@cc1977. |
| 300 | @axi, 500 p. ;@c24 cm. | |
| 500 | @aIncludes index. | |
| 504 | @aBibliography: p. 483-485. | |
| 650 | 0 | @aAlgebra, Abstract. |
| 700 | 20 | @aMac Lane, Saunders, @d1909- @ejoint author. @b00 @c20020930 @lNLC09 @h2247 @lNLC09 @h2310 @lNLC09 @h1901 |
| 852 | 9 | @bWWJC @cJ08S @k2 @hO15 @iBGS/1977 |
| A survey of modern algebra / / Garrett Birkhoff, Saunders MacLane.-4th ed.-New York : : Macmillan, , c1977. |
| xi, 500 p. ; ; 24 cm. |
| Includes index.-Bibliography: p. 483-485. |
| ISBN 0023100702. |
| ● |
| 相关链接 |
|
|
|
|
正题名:survey of modern algebra
索取号:A15:H31/x24
 
预约/预借
| 序号 | 登录号 | 条形码 | 馆藏地/架位号 | 状态 | 备注 |
| 1 | 49056 | 000454403 | 第四借阅区/ [索取号:A15:H31/x24] | 在馆 |